| 000 | 00978nam a2200241 a 4500 | ||
|---|---|---|---|
| 001 | 56301 | ||
| 003 | BD-RjUL | ||
| 005 | 20211209080359.0 | ||
| 008 | 161128s1946 ii ||||| |||| 00| 0 ben d | ||
| 035 | _a(BD-RjUL)56425 | ||
| 040 |
_aBD-RjUL _bben _cBD-RjUL _dBD-RjUL |
||
| 041 | _aben | ||
| 082 |
_a959 _bSEJ 1946 _223 |
||
| 100 |
_aসেনগুপ্ত, শিশির _9117069 |
||
| 245 | 1 | 0 |
_aজাগ্রত দক্ষিণ পূর্ব এশিয়া / _cশিশির সেনগুপ্ত ও জয়ন্তকুমার ভাদুড়ী |
| 250 | _a। | ||
| 260 |
_aকলকাতা : _bনিউ এজ পাব., _c১৯৪৬ |
||
| 300 |
_a২২৩ পৃ. ; _c২৩ সেমি. |
||
| 651 |
_aদক্ষিণ পূর্ব এশিয়া _vইতিহাস _9167527 |
||
| 651 |
_aSoutheast Asia _vHistory _9167528 |
||
| 700 |
_aভাদুড়ী, জয়ন্তকুমার _9167529 |
||
| 942 |
_2ddc _cBK |
||
| 999 |
_c56301 _d56301 |
||